| 000 | 00592nam a22001815i 4500 | ||
|---|---|---|---|
| 001 | 48198 | ||
| 003 | ES-MaACL | ||
| 005 | 20250809063455.0 | ||
| 007 | t| | ||
| 008 | 950707s1838 fr ||||1| fre d | ||
| 040 |
_aCAM _bspa _cCAM |
||
| 100 | 1 |
_aChateaubriand, François-René, _cvicomte de, _d1768-1848 _938177 |
|
| 245 | 1 | 0 |
_aCongrès de Vérone. Guerre d'Espagne. Negociations. Colonies espagnoles / _cpar M. de Chateaubriand. |
| 260 |
_aParis : _b[s.n.], _c1838 ( _fBethune et Plon) |
||
| 300 |
_a2 v. ; _c22 cm. |
||
| 852 |
_aES-MaACL _jG-14239-40 |
||
| 999 |
_c48198 _d48198 |
||